History Quiz

Random History or Politics Quiz
Score 0/6 Timer 06:00
0 Plays Today
Percentage of seats Political Party % Correct
30%Framsóknarflokkurinn
100%
5%Píratar
88.9%
30%Sjálfstæðisflokkurinn
83.3%
11%Vinstrihreyfingin – grænt framboð
77.8%
14%Samfylkingin
72.2%
10%Björt framtíð
66.7%
Remove Ads.
Support Sporcle.
Get the best of Sporcle when you Go Orange. This ad-free experience offers more features, more stats, and more fun while also helping to support Sporcle. Thank you for becoming a member.

You're not logged in!

Compare scores with friends on all Sporcle quizzes.
OR
Log In

Show Comments

Extras

Top Quizzes Today


Score Distribution

Your Account Isn't Verified!

In order to create a playlist on Sporcle, you need to verify the email address you used during registration. Go to your Sporcle Settings to finish the process.

Report this User

Report this user for behavior that violates our Community Guidelines.

Details: